| 000 | 03553namaa22004091i 4500 | ||
|---|---|---|---|
| 003 | OSt | ||
| 005 | 20251217142509.0 | ||
| 008 | 250827s2024 ua a|||frm||| 000 0 eng d | ||
| 040 |
_aEG-GICUC _bara _cEG-GICUC _dEG-GICUC _erda |
||
| 041 | 0 |
_aara _bara _beng |
|
| 049 | _aإيداع | ||
| 082 | 0 | 4 | _a709.02 |
| 092 |
_a709.02 _221 |
||
| 097 | _aمــــاجستير | ||
| 099 | _aCai01.14.01.M.Sc.2024.بي.ر | ||
| 100 | 0 |
_a،بيشوي دميان حلمي بقطر _eإعداد. |
|
| 245 | 1 | 0 |
_aرحلة العائلة المقدسة إلى مصر في ضوء مجموعة جديدة من المخطوطات القبطية والميامر بأديــرة وادي النطــرون : _bدراسة أثرية فنية / _cإعداد بيشوي دميان حلمي بقطر؛ إشراف أ.د/ عبد العزيـز صلاح سـالم. |
| 246 | 1 | 5 |
_aThe holy family trip to egypt in view of new group of coptic manuscripts and mimers in wadi el natroun monasteries : _bTechnical archeological study / |
| 264 | 0 | _c2024. | |
| 300 |
_a403 صفحة : _bإيضاحيات ؛ _c30 cm. + _eCD. |
||
| 336 |
_atext _2rda content |
||
| 337 |
_aUnmediated _2rdamedia |
||
| 338 |
_avolume _2rdacarrier |
||
| 502 | _aأطروحة (ماجستير)-جامعة القاهرة، 2024. | ||
| 504 | _aببليوجرافيا: صفحات 284-314. | ||
| 520 | _aموضوع الدراسة تحت عنوان "رحلة العائلة المقدسة إلى مصر في ضوء مجموعة جديدة من المخطوطات القبطية والميامر بأديرة وادي النطرون – دراسة اثرية فنية"، تهدف الدراسة إلى إبراز العديد من الجوانب الهامة المتمثلة في التراث الثقافي المادي واللامادي للرحلة والمصادر التاريخية والدينية من مخطوطات وميامر قبطية خاصة بمجيء العائلة المقدسة لمصر، وقد تمت الدراسة من خلال ثلاثة فصول واختتمت بإظهار أهم النتائج ثم التوصيات، يلي ذلك قائمة المصادر والمراجع العربية والأجنبية وقد اشتملت الدراسة على كتالوج لأهم الخرائط وصور توضح المتن. | ||
| 520 | _aThe study is entitled " The holy family trip to Egypt in view of new group of Coptic manuscripts and Mimers in Wadi El Natroun Monasteries Technical Archeological Study", the study aims to highlight many of the tangible and intangible cultural heritage of the journey And the religious and historical sources of the Journey The study was completed through a three chapters. The study concluded with the results then the list references. In addition, catalog of the maps and pictures. | ||
| 530 | _aصدر أيضًا كقرص مدمج. | ||
| 546 | _aالنص بالعربية والملخص باللغة الإنجليزية والعربية. | ||
| 650 | 7 |
_aالآثار المسيحية _2qrmak |
|
| 653 | 0 |
_aالعائلة المقدسة _aالميامر القبطية _aالمخطوطات القبطية |
|
| 700 | 0 |
_aعبد العزيـز صلاح سـالم _eمشرف أطروحة. |
|
| 900 |
_b01-01-2024 _cعبد العزيـز صلاح سـالم _dمحمد أحمد عبد اللطيف _dأماني محمد طلعت خلف _Uجامعة القاهرة _Fكلية الآثار _Dقسم الآثار الإسلامية |
||
| 905 |
_aSara _eAfaf |
||
| 942 |
_2ddc _cTH _e21 _n0 |
||
| 999 | _c176554 | ||